Análisis crítico de la iniciativa de la Cuenca del Caribe

Tallennettuna:
Bibliografiset tiedot
Päätekijä: Añé Aguiloche, Lía
Yhteisötekijä: CIEM
Aineistotyyppi: Teksti
Julkaistu: San José: CIEM
Tagit: Lisää tagi
Ei tageja, Lisää ensimmäinen tagi!

MARC

LEADER 00000 a a2200000 04500
001 21014
003
040
090 |a 090500  
100 |a Añé Aguiloche, Lía  
110 |a CIEM  
245 |a Análisis crítico de la iniciativa de la Cuenca del Caribe  
260 |a San José:   |b CIEM  
300 |a 31 p.  
999 |c 1421  |d 1421